Exploración de la poesía
Gorde:
| Egile nagusia: | |
|---|---|
| Formatua: | Liburua |
| Hizkuntza: | Undetermined |
| Argitaratua: |
Barcelona, España
Seix Barral
1964
|
| Gaiak: | |
| Etiketak: |
Etiketa erantsi
Etiketarik gabe, Izan zaitez lehena erregistro honi etiketa jartzen!
|
MARC
| LEADER | 00000nam a2200000Ia 4500 | ||
|---|---|---|---|
| 008 | 170316s9999 xx 000 0 und d | ||
| 040 | |a cru BVZT | ||
| 090 | |a 862 C-34e | ||
| 100 | |a Celaya, Gabriel | ||
| 245 | |a Exploración de la poesía | ||
| 260 | |a Barcelona, España | ||
| 260 | |b Seix Barral | ||
| 260 | |c 1964 | ||
| 300 | |a 230 páginas | ||
| 650 | |a LITERATURA ESPAÑOLA | ||
| 650 | |a LA POESÍA PURA - FERNANDO DE HERRERA | ||
| 650 | |a LA METAPOESÍA - GUSTAVO ADOLFO BÉCQUER | ||
| 650 | |a LA POESÍA DE VUELTA - SAN JUAN DE LA CRUZ | ||
| 999 | |c 9669 |d 9669 | ||
| 942 | |c 15 D |h 862 C-34e |2 z | ||
